Napoleon (Record no. 5986)

MARC details
000 -CABECERA
campo de control de longitud fija 00770nam a2200241 a 4500
001 - NÚMERO DE CONTROL
campo de control BRCA_6300
005 - FECHA Y HORA DE LA ÚLTIMA TRANSACCIÓN
campo de control 20190320205414.0
008 - DATOS DE LONGITUD FIJA--INFORMACIÓN GENERAL
campo de control de longitud fija 040811s1926----nyuac#####---#000-0#eng-#
041 ## - CÓDIGO DE LENGUA
Código de lengua del texto/banda sonora o título independiente eng
044 ## - CÓDIGO DEL PAÍS DE LA ENTIDAD EDITORA/PRODUCTORA
Código MARC del país nyu
050 #4 - SIGNATURA TOPOGRÁFICA DE LA BIBLIOTECA DEL CONGRESO
Número de clasificación DC203
Número de documento/Ítem .L8413 1926
100 1# - ENTRADA PRINCIPAL--NOMBRE DE PERSONA
Nombre de persona Ludwig, Emil
Fechas asociadas al nombre 1881-1948.
9 (RLIN) 15431
245 10 - MENCIÓN DE TÍTULO
Título Napoleon
Mención de responsabilidad, etc. Emil Ludwig; translated by Eden and Cedar Paul.
260 ## - PUBLICACIÓN, DISTRIBUCIÓN, ETC.
Lugar de publicación, distribución, etc. Garden City, Nuev York
Nombre del editor, distribuidor, etc. Garden City
Fecha de publicación, distribución, etc. c1926
300 ## - DESCRIPCIÓN FÍSICA
Extensión 707 p.
Otras características físicas il., retratos
Dimensiones 23 cm.
500 ## - NOTA GENERAL
Nota general Incluye lista de ilustraciones, tabla cronológica e índice alfabético
500 ## - NOTA GENERAL
Nota general K161
600 14 - PUNTO DE ACCESO ADICIONAL DE MATERIA--NOMBRE DE PERSONA
Nombre de persona Napoleon
Numeración I
Títulos y otros términos asociados al nombre Enperador de Francia
Fechas asociadas al nombre 1769-1821
9 (RLIN) 15802
700 1# - PUNTO DE ACCESO ADICIONAL--NOMBRE DE PERSONA
Nombre de persona Paul, Eden
Fecha de publicación/de la obra 1865-1944
Término indicativo de función/relación tr.
9 (RLIN) 15803
700 1# - PUNTO DE ACCESO ADICIONAL--NOMBRE DE PERSONA
Nombre de persona Paul, Cedar
Término indicativo de función/relación tr.
9 (RLIN) 15804
902 ## - CATALOGADOR
Iniciales GFM
942 ## - ELEMENTOS DE PUNTO DE ACCESO ADICIONAL (KOHA)
Fuente del sistema de clasificación o colocación Library of Congress Classification
Tipo de ítem Koha Libros
Holdings
Estado de retiro Estado de pérdida Estado dañado No para préstamo Localización permanente Ubicación/localización actual Fecha de adquisición Número de inventario Total de préstamos Signatura topográfica completa Código de barras Fecha visto por última vez Precio válido a partir de Tipo de ítem Koha
El ejemplar forma parte de la colección y puede ser consultado según las políticas vigentes.       Biblioteca del Museo Franz Mayer (Rogerio Casas-Alatriste) Biblioteca del Museo Franz Mayer (Rogerio Casas-Alatriste) 04/08/2011 K161   DC203 .L8413 1926 (K161) 6739 22/03/2019 22/03/2019 Libros